000 00758cam a2200193 4500
005 20151002102030.0
008 150714b mx ||||| |||| 00| 0 spa d
020 _a968-859-091-6
050 0 4 _aBL65 .P7
_bR45 1992
245 1 0 _aReligión, política y sociedad :
_bel sinarquismo y la Iglesia en México (nueve ensayos) /
_cRubén Aguilar V., Guillermo Zermeño P., coordinación y compilación.
250 _a1a ed.
260 _aMéxico :
_bUniversidad Iberoamericana, Departamento de Historia,
_c1992
300 _a310 p. ;
_c21 cm.
650 7 _2LEMB
_aReligión y política
_zMéxico
650 7 _2LEMB
_aReligión y Estado
_zMéxico
650 7 _2LEMB
_aReligión y Sociología
_zMéxico
700 1 _aZermeño, Guillermo P.,
_ecoaut.
942 _2lcc
_cLIB
999 _c54763
_d54763